Nordmazedonien-Quiz - Sudden Death - Statistiken

Allgemein
  • Dieses Quiz wurde 90 mal gespielt
  • Das Durchschnittsergebnis liegt bei 3 aus 10
Answers on the Grid
Answers color-coded by a green-red scale on the quiz's grid according to % correct below.
Dies ist die Flagge Nordmazedoniens: 🇲🇰
Die Hauptstadt von Nordmazedonien ist Skopje
Nordmazedonien ist ein Binnenstaat
Nordmazedonien ist Mitglied der Europäischen Union
Nordmazedonien hat bereits den ESC gewonnen
Alexander der Große wurde im heutigen Nordmazedonien geboren
In Nordmazedonien leben mehr Frauen als Männer
Flächenmäßig ist Nordmazedonien größer als Slowenien
Nordmazedonien hat mehr Einwohner als Estland
Die Schrift in Nordmazedonien wird mit griechischen Buchstaben geschrieben
Das nordmazedonische KFZ-Kennzeichen lautet "MZ"
Das BIP pro Kopf in Nordmazedonien ist höher als das in Bosnien-Herzegowina
Mutter Teresa wurde in Nordmazedonien geboren
In Nordmazedonien zahlt man nicht mit dem Euro
Nordmazedonien wurde vom damaligen Jugoslawien unabhängig
Nordmazedonien grenzt an ein Land mit dieser Flagge: 🇧🇦
Die am weitesten verbreitete Religion in Nordmazedonien ist der Islam
Die Amtssprache Nordmazedoniens ist "Nordmazedonisch"
Nordmazedonien hat keine einzige Stadt, die mindestens 1 Million Einwohner hat
Aktuell hat Nordmazedonien ein männliches Staatsoberhaupt
 
Antwortstatistiken
Antwort % Korrekt
Dies ist die Flagge Nordmazedoniens: 🇲🇰
54%
Nordmazedonien wurde vom damaligen Jugoslawien unabhängig
46%
Die Hauptstadt von Nordmazedonien ist Skopje
43%
Nordmazedonien ist ein Binnenstaat
40%
In Nordmazedonien zahlt man nicht mit dem Euro
31%
Mutter Teresa wurde in Nordmazedonien geboren
31%
Nordmazedonien hat keine einzige Stadt, die mindestens 1 Million Einwohner hat
26%
In Nordmazedonien leben mehr Frauen als Männer
23%
Nordmazedonien hat mehr Einwohner als Estland
14%
Flächenmäßig ist Nordmazedonien größer als Slowenien
11%
Keine übereinstimmenden Quizze gefunden
Verteilung der Resultate
Anzahl Personen mit jedem Resultat
Perzentil nach korrekt beantworteten Fragen
Ihre Resultats-Entwicklung
Sie haben dieses Quiz noch nicht gespielt